<?xml version="1.0" encoding="UTF-8"?>
<marc:record xmlns:marc="http://www.loc.gov/MARC21/slim">
   <marc:leader>00000nam a2200000 a 4500</marc:leader>
   <marc:datafield ind1="0" ind2="0" tag="245">
      <marc:subfield code="a">Mama Muh und die große weite Welt</marc:subfield>
   </marc:datafield>
   <marc:datafield ind1="0" ind2="0" tag="245">
      <marc:subfield code="b">Wer bist du, Mama Muh?</marc:subfield>
   </marc:datafield>
   <marc:datafield ind1=" " ind2="1" tag="264">
      <marc:subfield code="a">Berlin</marc:subfield>
      <marc:subfield code="b">Wild Bunch Germany</marc:subfield>
      <marc:subfield code="c">2024</marc:subfield>
   </marc:datafield>
   <marc:datafield ind1="1" ind2=" " tag="490">
      <marc:subfield code="a">Mama Muh</marc:subfield>
   </marc:datafield>
   <marc:datafield ind1="1" ind2=" " tag="520">
      <marc:subfield code="a">Auf ihrem Bauernhof trifft Mama Muh auf eine Storch-Dame, die einen langen Flug aus dem südlichen Afrika hinter sich hat. Mama Muh liebt es, von all ihren aufregenden Erlebnissen zu hören. Krähe wird dabei etwas eifersüchtig und meint, dass ihr Zuhause mindestens genauso aufregend wäre. Ihr Stolz schlägt jedoch bald in Verzweiflung um, als sie merkt, dass Storch dieses schöne Heim nun mit ihr teilen und bei ihr einziehen möchte. Und Mama Muh fragt sich unterdessen, ob da draußen in der großen, weiten Welt nicht doch noch mehr auf sie wartet und begibt sich auf ein großes Abenteuer.</marc:subfield>
   </marc:datafield>
   <marc:datafield ind1=" " ind2=" " tag="020">
      <marc:subfield code="a">4061229410908</marc:subfield>
      <marc:subfield code="9">4061229410908</marc:subfield>
   </marc:datafield>
   <marc:datafield ind1="0" ind2=" " tag="490">
      <marc:subfield code="v">0</marc:subfield>
   </marc:datafield>
   <marc:datafield ind1=" " ind2=" " tag="300">
      <marc:subfield code="a">ca. 130 Min.</marc:subfield>
   </marc:datafield>
</marc:record>
